000 00633nam a2200181Ia 4500
008 090124s9999 xx 000 0 und d
082 _b115555
100 _aकाळे व.पु. (वसंत पुरुषोत्तम)
245 _a का रे भुललासी
250 _a1
260 _c1974
300 _a201
600 _aकाळे व.पु. (वसंत पुरुषोत्तम)
630 _a का रे भुललासी
700 _aकाळे व.पु. (वसंत पुरुषोत्तम)
730 _a का रे भुललासी
942 _cBOOK
999 _c161646
_d161646